Un Valle Inclán olvidado : (Record no. 105646)

MARC details
000 -LEADER
campo de control de longitud fija 01145nam a2200301 i 4500
001 - NÚMERO DE CONTROL
campo de control 105646
003 - IDENTIFICADOR DE NÚMERO DE CONTROL
campo de control ES-MaACL
005 - FECHA Y HORA DE LA ÚLTIMA TRANSACCIÓN
campo de control 20250709215207.0
008 - DATOS DE LONGITUD FIJA--INFORMACIÓN GENERAL
campo de control de longitud fija 060802s1983 sp |||| |bspa d
020 ## - NÚMERO INTERNACIONAL ESTÁNDAR DEL LIBRO
Número Internacional Estándar del Libro 84-245-0356-2
080 ## - NÚMERO DE LA CLASIFICACIÓN DECIMAL UNIVERSAL
Número de la Clasificación Decimal Universal 929 Valle-Inclán, Ramón del (047.53)
080 ## - NÚMERO DE LA CLASIFICACIÓN DECIMAL UNIVERSAL
Número de la Clasificación Decimal Universal 821.134.2 Valle-Inclán, Ramón del 1.06
100 1# - ENTRADA PRINCIPAL--NOMBRE DE PERSONA
Nombre de persona Dougherty, Dru.
9 (RLIN) 45484
Término indicativo de función/relación Autor
245 13 - MENCIÓN DEL TÍTULO
Título Un Valle Inclán olvidado :
Resto del título entrevistas y conferencias /
Mención de responsabilidad, etc. Dru Dougherty ; edición a cargo de Eugenio Suárez Galbán.
260 ## - PUBLICACIÓN, DISTRIBUCIÓN, ETC.
Lugar de publicación, distribución, etc. Madrid :
Nombre del editor, distribuidor, etc. Fundamentos,
Fecha de publicación, distribución, etc. [1983]
300 ## - DESCRIPCIÓN FÍSICA
Extensión 320 páginas ;
Dimensiones 21 cm.
490 1# - MENCIÓN DE SERIE
Mención de serie Espiral ;
Designación de volumen o secuencia 74.
Mención de serie Ensayo
500 ## - NOTA GENERAL
Nota general Índices
594 ## - Nota al título y mención de responsabilidad
Nota al título y mención de responsabilidad Recopilación de entrevistas hechas a Valle-Inclán entre 1910 y 1935.
600 14 - PUNTO DE ACCESO ADICIONAL DE MATERIA--NOMBRE DE PERSONA
Nombre de persona Valle-Inclán, Ramón del,
Fechas asociadas al nombre 1866-1936-
Subdivisión de forma Entrevistas
9 (RLIN) 112801
700 1# - ENTRADA AGREGADA--NOMBRE PERSONAL
Nombre de persona Suárez Galbán, Eugenio.
9 (RLIN) 215270
Término indicativo de función/relación Editor literario
830 0# - PUNTO DE ACCESO ADICIONAL DE SERIE-TÍTULO UNIFORME
Título uniforme Espiral ;
Designación de volumen o secuencia 74.
Título uniforme Ensayo
9 (RLIN) 182567
852 ## - LOCALIZACIÓN
Ubicación ES-MaACL
Número de control de estantería AND-461
Ubicación en estantería Depósito 2
Donativo/Legado Biblioteca Juan Andrade
852 ## - LOCALIZACIÓN
Ubicación ES-MaACL
Número de control de estantería L-9686
Ubicación en estantería Depósito 2
942 ## - ELEMENTOS DE ENTRADA SECUNDARIOS (KOHA)
Fuente del sistema de clasificación o colocación Clasificación decimal universal
Tipo de ítem Koha Libro impreso
Suprimir en OPAC No
Holdings
Estatus retirado Estado de pérdida Fuente del sistema de clasificación o colocación Estado de daño No para préstamo Biblioteca de origen Biblioteca actual Ubicación en estantería Fecha de adquisición Total de préstamos Signatura topográfica completa Código de barras Visto por última vez Tipo de ítem Koha Fuente de adquisición
    Clasificación decimal universal     Biblioteca del Ateneo de Madrid Biblioteca del Ateneo de Madrid Depósito 2 17/01/2008   L-9686 1110298 23/02/2023 Libro impreso  
    Clasificación decimal universal     Biblioteca del Ateneo de Madrid Biblioteca del Ateneo de Madrid Depósito 2 17/01/2008   AND-461 1110297 23/02/2023 Libro impreso Legado